000 00653cam a22002413a 4500
001 8955
003 PGUSA
005 20140828083206.0
008 050901s2005||||xxu|||||s|||||000 1 eng d
040 _aPGUSA
_beng
042 _adc
050 4 _aPR
100 1 _aMacDonald, George,
_d1824-1905
245 1 0 _aFar Above Rubies
_h[electronic resource] /
_cGeorge MacDonald
260 _bProject Gutenberg,
_c2005
506 _aPublic domain in the USA.
516 _aElectronic text
653 _aLove stories
653 _aScotland -- Fiction
830 0 _aProject Gutenberg
_v8955
856 4 0 _uhttp://www.gutenberg.org/ebooks/8955
942 _cEB
999 _c238239
_d238239